000 00300nam a2200109Ia 4500
008 171211s9999 xx 000 0 und d
245 _aThinking About Landscape Architecture
245 _cBruce Sharky
260 _c2016
650 _xDesign
856 _uhttp://down.ebook777.com/060/9781138847170.pdf
999 _c347958
_d347958